00763 2200289 4500001002100000005001700021008004100038035002600079245002200105100002200127250000700149260007100156300002400227020001800251082000800269084000800277520002400285650002000309990001800329990001800347990001800365990001800383990001800401990001800419990001800437990001800455INLIS00000000000229620191229234255.0191229| ||| | ind  a 0010-12190000000229600cMohammad Daud Ali0 aMohammad Daud Ali a20 aRajagrafindo Persada: JakartabRajagrafindo Persada: Jakartac2014 a370 hlm ;c370 hlm, a979-421-261-x0 a200 a2X4 aAPBD 2014 Rp.47.000 0aHukum Islam 2x4 aB201509254789 aB201509254790 aB201509254791 aB201509254792 aB201509254791 aB201509254789 aB201509254790 aB201509254792